|
|
|
|
| LEADER |
00923nab a2200241 i 4500 |
| 001 |
publ8287 |
| 005 |
20190405115237.0 |
| 008 |
160929s2016 hu o 0|| angol d |
| 022 |
|
|
|a 1040-0400
|
| 024 |
7 |
|
|a 10.1007/s11224-015-0678-5
|2 doi
|
| 024 |
7 |
|
|a 3023545
|2 mtmt
|
| 040 |
|
|
|a SZTE Publicatio Repozitórium
|b hun
|
| 041 |
|
|
|a angol
|
| 100 |
1 |
|
|a Klisuri Olivera R.
|
| 245 |
1 |
0 |
|a Structural analysis and biomedical potential of novel salicyloyloxy estrane derivatives synthesized by microwave irradiation
|h [elektronikus dokumentum] /
|c Klisuri Olivera R.
|
| 260 |
|
|
|c 2016
|
| 300 |
|
|
|a 947-960
|
| 490 |
0 |
|
|a STRUCTURAL CHEMISTRY
|v 27
|
| 700 |
0 |
1 |
|a Szécsi Mihály
|e aut
|
| 700 |
0 |
1 |
|a Djurendić Evgenija A.
|e aut
|
| 700 |
0 |
1 |
|a Szabó Nikoletta
|e aut
|
| 700 |
0 |
1 |
|a Herman Bianka Edina
|e aut
|
| 856 |
4 |
0 |
|u http://publicatio.bibl.u-szeged.hu/8287/1/2015_StructuralChemistry_KlisuricO_Structural_oldalszamos_u.pdf
|z Dokumentum-elérés
|